International rescue (Record no. 81872)

MARC details
000 -LEADER
fixed length control field 01159cab a22002415a 4500
001 - CONTROL NUMBER
control field L148517
008 - FIXED-LENGTH DATA ELEMENTS--GENERAL INFORMATION
fixed length control field 090929s2009 xxk f 000 0 eng d
035 ## - SYSTEM CONTROL NUMBER
System control number (Sirsi) u148517
041 0# - LANGUAGE CODE
Language code of text/sound track or separate title eng
100 1# - MAIN ENTRY--PERSONAL NAME
Personal name Ditchburn, Mathew
245 00 - TITLE STATEMENT
Title International rescue
Remainder of title insolvency regimes
260 ## - PUBLICATION, DISTRIBUTION, ETC.
Date of publication, distribution, etc. 2009
490 #0 - SERIES STATEMENT
Series statement Lovells Real Estate Quarterly
Volume/sequential designation Summer 2009, 8-10(3)
520 ## - SUMMARY, ETC.
Summary, etc. International insolvency laws have a distinctly local feel when it comes to rescuing businesses. Each country has its own set of insolvency rules to deal with corporate failures. The UK way is compared to practice in the United States, France, Germany and Spain. The disparity between insolvency laws and the possibility of rescuing a company under its existing management has led to insolvency tourism, particularly in the case of German companies migrating to the UK for insolvency purposes.
590 ## - LOCAL NOTE (RLIN)
Local note KA
650 24 - SUBJECT ADDED ENTRY--TOPICAL TERM
Topical term or geographic name entry element ENTERPRISE ACT 2002
650 24 - SUBJECT ADDED ENTRY--TOPICAL TERM
Topical term or geographic name entry element LAW OF PROPERTY ACT 1925
650 24 - SUBJECT ADDED ENTRY--TOPICAL TERM
Topical term or geographic name entry element UNITED STATES CHAPTER 11 PROCEEDINGS
650 24 - SUBJECT ADDED ENTRY--TOPICAL TERM
Topical term or geographic name entry element UNITED STATES BANKRUPTCY CODE
651 #4 - SUBJECT ADDED ENTRY--GEOGRAPHIC NAME
Geographic name International
690 ## - LOCAL SUBJECT ADDED ENTRY--TOPICAL TERM (OCLC, RLIN)
Topical term or geographic name as entry element MANAGEMENT-CORPORATE RECOVERY
942 ## - ADDED ENTRY ELEMENTS (KOHA)
Suppress in OPAC 0
Holdings
Withdrawn status Lost status Source of classification or shelving scheme Damaged status Not for loan Home library Current library Shelving location Date acquired Total Checkouts Full call number Barcode Date last seen Copy number Price effective from Koha item type
    Dewey Decimal Classification     London London Journal article 29/09/2009   L148517 148517-1001 06/08/2019 1 06/08/2019 Journal article